000 00538nam a2200169 i 4500
001 150177
003 ES-MaACL
005 20250624062533.0
007 t|
008 071029s1938 sp ||||1| spa d
100 1 _aValle-Inclán, Ramón del,
_d1866-1936
_9112796
245 1 0 _aTirano Banderas
_b: novela de tierra caliente /
_cRamón del Valle-Inclán.
260 _aMadrid :
_bNuestro Pueblo,
_c1938 (
_eBarcelona :
_fRamón Sopena)
300 _a230 p. ;
_c23 cm.
852 _aES-MaACL
_jA-4597
_bR.16613
999 _c150177
_d150177